000 00421nam a22001697a 4500
008 220317b |||||||| |||| 00| 0 eng d
020 _a1491059203
050 _aHV9468
_b.P66
100 _aPommells, Paul
245 _aRedemption story
_cPaul Pommells
300 _a192p.
650 _aPrisoners
_zCalifornia
650 _aCriminals
_zUSA
650 _aCriminal Justice
650 _vRedemption
942 _2lcc
_cBK
999 _c19287
_d19286